[Event "Werther Schloss op-B 11th"]
[Site "Werther"]
[Date "2005.03.18"]
[Round "1"]
[White "Korduner, Vladimir"]
[Black "Deckert, Frank"]
[Result "0-1"]
[WhiteElo "1637"]
[BlackElo "1790"]
[PlyCount "106"]
[EventDate "2005.03.18"]
[EventType "swiss"]
[EventRounds "5"]
[EventCountry "GER"]
[SourceTitle "EXT 2006"]
[Source "ChessBase"]
[SourceDate "2005.11.24"]
[SourceVersion "1"]
[SourceVersionDate "2005.11.24"]
[SourceQuality "1"]

1. e4 c6 2. Nf3 d5 3. exd5 cxd5 4. d4 Nc6 5. Bb5 Bg4 6. 0-0 Nf6 7. Qd3 e6 8. Ne5 Qc7 9. Qc3 Rc8 10. Bf4 Bd6 11. Qg3 0-0 12. c3 Bf5 13. Nd2 Nh5 14. Qh4 Nxf4 15. Qxf4 Nxe5 16. dxe5 Bxe5 17. Qh4 Bf6 18. Qh5 Qb6 19. a4 a6 20. Bd7 Rc7 21. g4 Bg6 22. Qh3 Rxd7 23. Nf3 Qxb2 24. g5 Bxc3 25. Qg4 Qb4 26. Qg3 Bxa1 27. Rxa1 Rc8 28. h4 Qc3 29. Re1 Be4 30. Re3 Qc7 31. Qg4 Bxf3 32. Rxf3 Qc4 33. Rf4 Qc1+ 34. Kg2 Rc4 35. Rxc4 Qxc4 36. Qg3 Qc7 37. Qg4 d4 38. h5 Qe5 39. g6 hxg6 40. hxg6 Qf5 41. gxf7+ Kxf7 42. Qh4 d3 43. Qc4 Qd5+ 44. Qxd5 Rxd5 45. a5 d2 46. f4 d1Q 47. f5 Qg4+ 48. Kf2 Rd2+ 49. Ke3 Qd4+ 50. Kf3 Rd3+ 51. Kg2 Qe4+ 52. Kh2 Qe2+ 53. Kg1 Rd1# 0-1

[Event "Werther Schloss op-B 7th"]
[Site "Werther"]
[Date "2001.04.08"]
[Round "4"]
[White "Korduner, Vladimir"]
[Black "Leimkuehler, Dirk"]
[Result "1-0"]
[WhiteElo "1631"]
[BlackElo "1946"]
[PlyCount "66"]
[EventDate "2001.04.06"]
[EventType "swiss"]
[EventRounds "5"]
[EventCountry "GER"]
[SourceTitle "EXT 2002"]
[Source "ChessBase"]
[SourceDate "2001.11.25"]
[SourceVersion "1"]
[SourceVersionDate "2001.11.25"]
[SourceQuality "1"]

1. e4 c5 2. Nf3 d6 3. d4 cxd4 4. Nxd4 Nf6 5. Nc3 a6 6. Bg5 e6 7. Bd3 Be7 8. 0-0 Qc7 9. Qe2 Nbd7 10. Rae1 0-0 11. Bh4 Ne5 12. f4 Nxd3 13. cxd3 Nxe4 14. Bxe7 Nxc3 15. bxc3 Qxe7 16. f5 e5 17. f6 Qc7 18. fxg7 Rd8 19. Nf5 Bxf5 20. Rxf5 Qxc3 21. Ref1 Qd4+ 22. Kh1 Rd7 23. Qh5 Qd5 24. Rf6 Rc8 25. Qf5 Rc2 26. Rg1 Rdc7 27. Qg5 Qxd3 28. Rf3 Qg6 29. Qd8+ Kxg7 30. Rg3 Qxg3 31. hxg3 R7c6 32. Rf1 d5 33. Qxd5 f6 1-0

[Event "Werther Schloss op-B 7th"]
[Site "Werther"]
[Date "2001.04.08"]
[Round "5"]
[White "Wokrina, Andre"]
[Black "Korduner, Vladimir"]
[Result "1-0"]
[WhiteElo "1899"]
[BlackElo "1631"]
[PlyCount "97"]
[EventDate "2001.04.06"]
[EventType "swiss"]
[EventRounds "5"]
[EventCountry "GER"]
[SourceTitle "EXT 2002"]
[Source "ChessBase"]
[SourceDate "2001.11.25"]
[SourceVersion "1"]
[SourceVersionDate "2001.11.25"]
[SourceQuality "1"]

1. Nf3 Nf6 2. g3 g6 3. b3 Bg7 4. Bb2 b6 5. c4 Bb7 6. Bg2 Nc6 7. 0-0 0-0 8. d4 d5 9. cxd5 Nb4 10. Nbd2 Bxd5 11. a3 Nc6 12. Qc2 Na5 13. b4 Nb7 14. e4 Be6 15. d5 Bg4 16. Nd4 Bd7 17. Rac1 Rc8 18. Nc6 Qe8 19. Nxa7 Ra8 20. Nc6 Bh6 21. f4 Bg7 22. h3 Nd8 23. Nd4 Rc8 24. e5 Nh5 25. Rf3 c5 26. dxc6 Nxc6 27. Nxc6 Rxc6 28. Rc3 Rxc3 29. Qxc3 Qb8 30. Qe3 Bh6 31. Kh2 Ng7 32. Nc4 b5 33. Na5 Nf5 34. Qe4 Rc8 35. Rxc8+ Qxc8 36. Nc6 Bxc6 37. Qxc6 Qd8 38. Qa8 Qxa8 39. Bxa8 g5 40. fxg5 Bxg5 41. Bc6 Bd2 42. Bxb5 Be1 43. Bd3 Ne3 44. Bd4 Bf2 45. Bc5 Kf8 46. a4 Ke8 47. a5 Kd7 48. a6 Kc7 49. a7 1-0